000
00334nam a2200145Ia 4500
100
_a
Tokheim/Roger L
942
_c
BK
654
_a
Microprocessor fundamentals
245
_a
Microprocessor fundamentals
260
_b
McGraw Hill
_a
Singapore
_c
1990
082
_a
621.381953
_b
TOK
300
_a
469
546
_a
ENGLISH
999
_c
18224
_d
18224